| 000 | 00649nam a2200205 4500 | ||
|---|---|---|---|
| 001 | 80057 | ||
| 003 | BD-RjUL | ||
| 005 | 20220629121234.0 | ||
| 008 | 220629s1927 su ||||| |||| 00| 0 ara d | ||
| 035 | _a(BD-RjUL)80057 | ||
| 040 |
_aBD-RjUL _beng _cBD-RjUL |
||
| 041 | _aara | ||
| 082 |
_223 _a892.73 _bJAN 1927 |
||
| 100 | 1 |
_a[jayshi farid] جيشي, فريد _93940 |
|
| 245 | 1 | 4 |
_aالنفس الحائرة [alnafs alhayira ] / _c[farid jayshi ] فريد جيشي |
| 264 |
_amisr : _b almatbaeat aleasria , المطبعة العصرية _c1928 |
||
| 300 |
_a248 p. ; _c20 cm. |
||
| 650 |
_aArabic literature _vstory _93941 |
||
| 942 |
_2ddc _cBK |
||
| 999 |
_c80057 _d80057 |
||